| 000 | 00443nam a22001217a 4500 | ||
|---|---|---|---|
| 999 |
_c18776 _d18776 |
||
| 008 | 210210b xxu||||| |||| 00| 0 eng d | ||
| 050 |
_aGMB0217 _b.A93 2015 c.1 |
||
| 100 | _aAyayo, Erick Onyango | ||
| 245 |
_aStrategic factors affecting the implementation of Nyandarua county integrated development plan, Kenya _cErick Onyango Ayayo |
||
| 260 |
_aKabarak, Nakuru, Kenya _bKabarak University _c2015 |
||
| 300 | _a72 leaves | ||
| 942 |
_2lcc _cTHE |
||